书目信息 |
| 题名: |
能打仗 打胜仗
|
|
| 作者: | 张民 著 | |
| 分册: | ||
| 出版信息: | 北京 人民出版社 2015 |
|
| 页数: | 335页 | |
| 开本: | 24cm | |
| 丛书名: | ||
| 单 册: | ||
| 中图分类: | E25 | |
| 科图分类: | ||
| 主题词: | 国防建设--研究--中国 | |
| 电子资源: | ||
| ISBN: | 978-7-01-014389-7 | |
| 000 | 00721nam0 2200229 450 | |
| 001 | 012001004525 | |
| 005 | 20140928162349.0 | |
| 010 | @a978-7-01-014389-7@dCNY42.00 | |
| 100 | @a20150712d2015 em y0chiy50 ea | |
| 101 | 0 | @achi |
| 102 | @aCN@b110000 | |
| 105 | @ay z 000yy | |
| 106 | @ar | |
| 200 | 1 | @a能打仗 打胜仗@9neng da zhang da sheng zhang@f张民著 |
| 210 | @a北京@c人民出版社@d2015 | |
| 215 | @a335页@d24cm | |
| 330 | @a本书用“尝百草”的形式,从不同的角度谈论一些能打胜仗的问题。全书包括治军篇、战争和战略篇、谋略篇、战法篇四篇内容。 | |
| 606 | 0 | @a国防建设@x研究@y中国 |
| 690 | @aE25@v5 | |
| 701 | 0 | @a张民@9zhang min@f(1933-)@4著 |
| 801 | 0 | @aCN@b上海新华@c20180901 |
| 905 | @b1166367-71@dE25@e19@f5 | |
| 能打仗 打胜仗/张民著.-北京:人民出版社,2015 |
| 335页;24cm |
| ISBN 978-7-01-014389-7:CNY42.00 |
| 本书用“尝百草”的形式,从不同的角度谈论一些能打胜仗的问题。全书包括治军篇、战争和战略篇、谋略篇、战法篇四篇内容。 |
| ● |
| 相关链接 |
|
|
|
|
正题名:能打仗 打胜仗
索取号:E25/19
 
预约/预借
| 序号 | 登录号 | 条形码 | 馆藏地/架位号 | 状态 | 备注 |
| 1 | 1166367 | 211663671 | 第一样本阅览室/ [索取号:E25/19] | 在馆 | |
| 2 | 1166368 | 211663680 | 第一借阅区/ [索取号:E25/19] | 在馆 | |
| 3 | 1166369 | 211663699 | 第一借阅区/ [索取号:E25/19] | 在馆 | |
| 4 | 1166370 | 211663706 | 密集书库-资源管理系/ [索取号:E25/19] | 在馆 | |
| 5 | 1166371 | 211663715 | 第一借阅区/ [索取号:E25/19] | 在馆 |